000 00788 a2200193 4500
999 _c10815
_d10815
050 _aK3240
_b.GUI2012
100 _aNational Association of Non-Governmental Organisations (Zimbabwe)
110 _aNational Association of Non-Governmental Organisations (Zimbabwe)
245 _aA guide to human rights monitoring and documentation for non-governmental organisations in Zimbabwe /
_cNational Association of Non-Governmental Organisations (Zimbabwe)
264 _aHarare:
_bNANGO,
_c2012
300 _a iii, 111 pages ; 24 cm
336 _1text
_brdacontent
337 _1unmediated
_brdamedia
338 _1volume
_brdacarrier
504 _alncludes bibliography
650 _aCivil rights Monitoring
_xZimbabwe
650 _aHuman rights monitoring
942 _2lcc
_cBK
_h3240
_iGUI
_kK